| 000 | 00809nam a2200241 a 4500 | ||
|---|---|---|---|
| 001 | BRL_1748 | ||
| 005 | 20190320211343.0 | ||
| 008 | 270715s1961----mx-ao#####---#000-0#spa-# | ||
| 041 | _aspa | ||
| 044 | _amx | ||
| 050 | 4 |
_aF1220 _b.S83 1961 |
|
| 100 | 1 |
_aSuárez, Luis _927779 |
|
| 245 | 1 | 0 |
_aMéxico sobreviviente _cLuis Suárez. |
| 260 |
_aMéxico _bInstituto Nacional Indigenista _c1961 |
||
| 300 |
_a115 p. _bil. _c21 cm. |
||
| 500 | _aAu1990 | ||
| 505 | 0 | _aContenido:El mundo mágico de los indios de Chiapas - Vida, magia y muerte en el Mezquital - Los mazatecos, hombres sin tierra. | |
| 650 | 1 | 4 |
_aAntropología social _925812 |
| 650 | 1 | 4 |
_aIndígenas de México _xVida social y costumbres _910614 |
| 651 | 4 |
_aMéxico _xDescripciones y viajes _y1951-1980 _927780 |
|
| 902 | _aGRL | ||
| 942 |
_2lcc _cB |
||
| 999 |
_c10556 _d10556 |
||